[Event "GER-chT School WK 3"]
[Site "Playchess.com INT"]
[Date "2020.06.15"]
[Round "3.4"]
[White "Spinka, Georg Kamil"]
[Black "Hodson, Alexander"]
[Result "1-0"]
[WhiteElo "1671"]
[BlackElo "1584"]
[PlyCount "55"]
[EventDate "2020.06.15"]
[EventType "team-swiss (blitz)"]
[EventRounds "5"]
[EventCountry "GER"]
[SourceTitle "EXT 2021"]
[Source "ChessBase"]
[SourceDate "2020.10.23"]
[SourceVersion "1"]
[SourceVersionDate "2020.10.23"]
[SourceQuality "1"]
[WhiteTeam "Halle Cantor Gymn"]
[BlackTeam "St Blasien Kolleg"]
[WhiteTeamCountry "GER"]
[BlackTeamCountry "GER"]

1. d4 d5 2. Bf4 Bg4 3. Nf3 Bxf3 4. exf3 Nf6 5. Bd3 Nc6 6. c3 h5 7. Qc2 g6 8. Nd2 e6 9. a3 Bh6 10. Bxh6 Rxh6 11. 0-0 Qd6 12. b4 a6 13. a4 a5 14. bxa5 Nxa5 15. Rfe1 0-0-0 16. Nb3 b6 17. Nxa5 bxa5 18. Qb3 Qb6 19. Qb5 Rd6 20. Reb1 h4 21. h3 Rh8 22. c4 Rc6 23. c5 Qxb5 24. axb5 Kd7 25. bxc6+ Kxc6 26. Rxa5 Rb8 27. Rxb8 Nd7 28. Bb5# 1-0

[Event "GER-chT U10"]
[Site "Magdeburg"]
[Date "2017.12.27"]
[Round "1.1"]
[White "Boehm, Karl"]
[Black "Spinka, Georg Kamil"]
[Result "1-0"]
[WhiteElo "1535"]
[BlackElo "950"]
[PlyCount "60"]
[EventDate "2017.12.27"]
[EventType "team-swiss"]
[EventRounds "7"]
[EventCountry "GER"]
[SourceTitle "EXT 2019"]
[Source "ChessBase"]
[SourceDate "2018.10.10"]
[SourceVersion "1"]
[SourceVersionDate "2018.10.10"]
[SourceQuality "1"]
[WhiteTeam "Muldental Wilkau Hasslau"]
[BlackTeam "Halle Roter Turm II"]
[WhiteTeamCountry "GER"]
[BlackTeamCountry "GER"]

1. e4 c5 2. Nf3 d6 3. Bb5+ Bd7 4. Bxd7+ Nxd7 5. 0-0 Ngf6 6. Re1 g6 7. Nc3 Bg7 8. d3 0-0 9. Bf4 e5 10. Bd2 Re8 11. Bg5 Qc7 12. Bxf6 Nxf6 13. Nd2 Qb6 14. Rb1 Rad8 15. Nf1 d5 16. Qf3 d4 17. Nd1 a6 18. Nd2 Qa5 19. c3 Qxa2 20. Qe2 Bh6 21. Rc1 Nh5 22. g3 dxc3 23. Rxc3 Qa5 24. Nc4 Qb4 25. Nde3 Rd4 26. Nd5 Qa4 27. Qf3 b5 28. Ncb6 Qa5 29. Rf1 b4 30. Rc2 Rd8 1-0